| 000 | 00609nam a22001937a 4500 | ||
|---|---|---|---|
| 003 | OSt | ||
| 005 | 20250708024702.0 | ||
| 008 | 250708b |||||||| |||| 00| 0 eng d | ||
| 020 | _a 9710866796 | ||
| 040 |
_aDWCL - Main lib _cOC |
||
| 082 | _aFil. 128 M539p 2011 | ||
| 100 | _aMendoza, Anna Clarissa D. | ||
| 245 |
_aPhilosophy of man (towards perfection)/ _cAnna Clarissa D. Mendoza |
||
| 260 |
_aMandaluyong City : _bNational Book Store, _cc2011. |
||
| 300 |
_axvi, 196 pages : _billustrations ; _c23 cm. |
||
| 650 | _a1. Human beings. | ||
| 700 | _aEdgar M. Apolinar | ||
| 942 |
_2ddc _cBK - FIL _kFil. _n0 |
||
| 999 |
_c3443 _d3443 |
||